Normal view
MARC view
- اعداد الفياض، رشا غني هاشم؛ اشراف احمد حسن القضاة
Entry Personal Name
001 - CONTROL NUMBER
- control field: 57649
003 - CONTROL NUMBER IDENTIFIER
- control field: JO-AjAnu
005 - DATE AND TIME OF LATEST TRANSACTION
- control field: 20230606083435.0
008 - FIXED-LENGTH DATA ELEMENTS
- fixed length control field: 230606|| aca||aabn | a|a d
040 ## - CATALOGING SOURCE
- Original cataloging agency: JO-AjAnu
- Transcribing agency: JO-AjAnu
100 ## - HEADING--PERSONAL NAME
- Personal name: اعداد الفياض، رشا غني هاشم؛ اشراف احمد حسن القضاة
670 ## - SOURCE DATA FOUND
- Source citation: Work cat.: (JO-AjAnu)29415: اعداد الفياض، رشا غني هاشم؛ اشراف احمد حسن القضاة, author, درجة امتلاك اساتذة الرياضيات للكفايات الحاسوبية وممارستهم لها في كليات التربية في الجامعات العراقية= The Degree of Possessing and Practicing the Computer Competencies by Mathematics Teachers at the Iragi Universities